Nr. 1 Hits in den USA 2003 - Statistiken

Allgemein
  • Dieses Quiz wurde 24 mal gespielt
  • Das Durchschnittsergebnis liegt bei 7 aus 12
Antwortstatistiken
Wochen auf Platz 1 Lied Interpret % Korrekt
9 Wochen In da Club 50 Cent
100%
4 Wochen 21 Questions 50 Cent feat. Nate Dogg
100%
12 Wochen Lose Yourself Eminem
100%
9 Wochen Hey Ya! OutKast
95%
9 Wochen Baby Boy Beyoncé feat. Sean Paul
82%
8 Wochen Crazy in Love Beyoncé feat. Jay-Z
77%
3 Wochen Get Busy Sean Paul
64%
1 Woche Bump, Bump, Bump B2K & P. Diddy
18%
4 Wochen Shake Ya Tailfeather Nelly, P. Diddy & Murphy Lee
18%
4 Wochen All I Have Jennifer Lopez feat. LL Cool J
9%
2 Wochen This Is the Night Clay Aiken
5%
1 Woche Stand Up Ludacris feat. Shawnna
5%
Keine übereinstimmenden Quizze gefunden
Verteilung der Resultate
Anzahl Personen mit jedem Resultat
Perzentil nach korrekt beantworteten Fragen
Ihre Resultats-Entwicklung
Sie haben dieses Quiz noch nicht gespielt